000 00967nam a22003137a 4500
003 CHAP
005 20221026114811.0
008 971013s r 00010 d
010 _a32921
011 _a33893
035 _a38009
040 _cCHAP
090 _aTesis
100 0 0 _aLoredo Goytortúa, Joaquín.
_968520
245 _aEstudio sobre abonos químicos para maíz /
_cpor Joaquín Loredo Goytortúa
260 _aChapingo, Méx. :
_bEl autor,
_c1945
300 _a91 p.
_b: ilus.
502 _aTesis (Ing. Agr. Esp. en Fitotecnia) -- ENA. Departamento de Fitotecnia
590 _aALEPH
_b10
_c20130110
590 _aBATCH-UPD
_b10
_c20130110
590 _aBATCH-UPD
_b10
_c20130410
590 _aBATCH-UPD
_b10
_c20130914
590 _aCONVERSION
_b10
_c20130109
650 1 4 _aFertilizantes para maíz.
_940625
901 _aBK
942 _cFOLL
_2ddc
949 _bBC
_cTES
_d-87031
_eTS1
_i38009
_si
949 _bBC
_cTES
_d-87032
_eTS2
_fc.2
_i38009
_si
999 _c32921
_d32921